000 01454nam a2200361 a 4500
001 ebr10484876
003 CaPaEBR
006 m u
007 cr cn|||||||||
008 110810s2011 inua s 001 0 eng d
010 _z 2011924906
020 _z9781118108093 (e-book)
020 _z9781118108079 (e-book)
020 _z9780470560822
020 _z9781118108086 (e-book)
040 _aCaPaEBR
_cCaPaEBR
035 _a(OCoLC)757515676
050 1 4 _aQA76.575
_b.W34 2011eb
100 1 _aWahlberg, Nik.
245 1 0 _aUmbraco user's guide
_h[electronic resource] /
_cNik Wahlberg, Paul Sterling.
260 _aIndianapolis, Ind. :
_bWiley Pub., Inc.,
_c2011.
300 _axxiv, 336 p. :
_bill. (some col.).
490 0 _aWrox programmer to programmer
500 _aIncludes index.
505 0 _apt. 1. Creating your first site with Umbraco -- pt. 2. Content production -- pt. 3. Deploying, troubleshooting, and sample applications -- pt. 4. Appendixes.
533 _aElectronic reproduction.
_bPalo Alto, Calif. :
_cebrary,
_d2013.
_nAvailable via World Wide Web.
_nAccess may be limited to ebrary affiliated libraries.
650 0 _aComputer files.
650 0 _aWeb site development.
655 7 _aElectronic books.
_2local
700 1 _aSterling, Paul.
710 2 _aebrary, Inc.
856 4 0 _uhttp://site.ebrary.com/lib/rucke/Doc?id=10484876
_zAn electronic book accessible through the World Wide Web; click to view
999 _c121032
_d121032